000 00700nam a22002177a 4500
003 BD-DhUL
005 20160210121613.0
007 BD-DhUL
008 160128s1999 bg ||||| |||| 00| 0 ben
010 _aBD-DhUL
020 _a9844120624
040 _aBD-DhUL
_cBD-DhUL
082 _a954.92
_bKAM
100 1 _aকবির, শাহরিয়ার
245 1 0 _aমুক্তিযদ্ধের বৃত্তবন্দী ইতিহাস /
_cশাহরিয়ার কবির
260 _aঢাকা :
_bঅনন্যা,
_c২০০১.
300 _a৯৬ পৃ;
_c২২ সেমি.
365 _aBDT
_b60
651 0 _aBangladesh
_xHistory
942 _2ddc
_cBK
999 _c47037
_d47037